00958 a2200217 45000010006000000050017000060080041000230030015000640400040000790800031001192450015001500200018001652500012001832640009001953000026002045050360002300410008005901000025005987000020006238560097006434199420260407155711.0260407a1988 arg spa dAR-UNSa-BCEJYS aAR-UNSa-BCEJYSbspacAR-UNSa-BCEJYS a330xEconomía en general10aEconomía a84-7615-172-1 a3a. ed. 1c1988 axxxii, 863 p.c23 cm. a1. Conceptos económicos básicos - 2. Alto nivel de empleo y estabilidad de precios - 3. Políticas de demanda agregada - 4. Las grandes cuestiones macroeconomicas de nuestro tiempo - 5. Microeconomía ¿ Es suficiente nuestra producción? - 6. Eficiencia económica: Cuestiones para nuestro tiempo - 7. Microeconomía: Como se distribuye la renta aspa1 aWonnacott, Ronald J.1 aWonnacott, Paul41uhttps://biblioeco.unsa.edu.ar/pmb/images/libros/L53495_01.jpgyImagen de portadaqimage/jpeg